Statistics for Top Universities in Computer Science

Click here to take the quiz!

General Stats

  • This quiz has been taken 396 times
    (108 since last reset)
  • The average score is 20 of 50

Answer Stats

RankCountryUniversity% Correct
7USAHarvard University
91%
1USAMassachusetts Institute of Technology
91%
5UKUniversity of Oxford
83%
2USAStanford University
78%
35USAYale University
75%
8UKUniversity of Cambridge
72%
13USAPrinceton University
65%
22UKUniversity College London
64%
39USACalifornia Institute of Technology
63%
6SingaporeNational University of Singapore
61%
18USAUniversity of California, Los Angeles
59%
14USACornell University
57%
4USAUniversity of California, Berkeley
57%
37USAUniversity of Pennsylvania
55%
20USAColumbia University
54%
12CanadaUniversity of Toronto
52%
3USACarnegie Mellon University
51%
28USAUniversity of Texas at Austin
48%
42USAUniversity of Michigan-Ann Arbor
47%
33USAGeorgia Institute of Technology
46%
19USANew York University
46%
16USAUniversity of Washington
45%
44CanadaMcGill University
36%
45JapanThe University of Tokyo
36%
21CanadaUniversity of British Columbia
35%
41USAUniversity of California, San Diego
34%
29GermanyTechnical University of Munich
30%
24ChinaPeking University
29%
43AustraliaThe University of Melbourne
29%
34NetherlandsUniversity of Amsterdam
29%
46USAUniversity of Southern California
29%
23UKThe University of Edinburgh
27%
39ChinaThe University of Hong Kong
26%
26ChinaThe Chinese University of Hong Kong
25%
9SwitzerlandETH Zurich
24%
15ChinaTsinghua University
24%
17UKImperial College London
23%
11SingaporeNanyang Technological University, Singapore
23%
25CanadaUniversity of Waterloo
23%
29ChinaThe Hong Kong University of Science and Technology
22%
10SwitzerlandEcole Polytechnique Fédérale de Lausanne
21%
49ItalyPolitecnico di Milano
21%
48CanadaUniversité de Montréal
17%
50BelgiumKU Leuven
13%
27USAUniversity of Illinois at Urbana-Champaign
13%
32South KoreaKorea Advanced Institute of Science & Technology
12%
35South KoreaSeoul National University
11%
37FranceUniversité PSL
8%
31FranceInstitut Polytechnique de Paris
2%
46FranceUniversit Paris-Saclay
2%

Score Distribution

Percentile by Number Answered

Percent of People with Each Score

Your Score History

You have not taken this quiz since the last reset